Score 0/17 Timer 04:00
0 Plays Today
Incomplete Song Title Missing Word % Correct
______ LinesBlurred
92%
______ GrailHoly
87.8%
When I Was Your ______Man
80.9%
______ & TieSuit
74.3%
______ ShopThrift
72.3%
Same ______Love
67.4%
Just Give Me a ______Reason
65.8%
Get ______Lucky
63.6%
______ Out of HeavenLocked
62.2%
Incomplete Song Title Missing Word % Correct
______ from the BottomStarted
50.2%
I ______ Your TruckDrive
27.8%
Sweet ______Nothing
27.2%
Swimming Pools (______)Drank
24.3%
______ FordTom
24%
______ Would Be YouMine
14.4%
______ StationPanic
9.9%
I'm ______Shakin'
6.3%

Today's Daily Dose

Remove Ads.
Support Sporcle.
Get the best of Sporcle when you Go Orange. This ad-free experience offers more features, more stats, and more fun while also helping to support Sporcle. Thank you for becoming a member.

You're not logged in!

Compare scores with friends on all Sporcle quizzes.
OR
Log In

Show Comments

Extras

Top Quizzes Today


Score Distribution

Your Account Isn't Verified!

In order to create a playlist on Sporcle, you need to verify the email address you used during registration. Go to your Sporcle Settings to finish the process.

Report this User

Report this user for behavior that violates our Community Guidelines.

Details: